LEADER 01100nam0-22003011i-450- 001 990007229130403321 005 20041223152835.0 035 $a000722913 035 $aFED01000722913 035 $a(Aleph)000722913FED01 035 $a000722913 100 $a20021021d1995----km-y0itay50------ba 101 0 $aita 200 1 $a<>responsabilità professionale del giornalista e dell'editore con le massime da 300 sentenze (1960-1994)$fVincenzo Zeno Zencovich, Michele Clemente, Maria Gabriella Lodato 210 $aPadova$cCedam$d1995 215 $aXIII, 451 p.$d24 cm 225 1 $aDiritto e pratica nelle attività culturali, informative e ricreative$v13 676 $a346 700 1$aZeno-Zencovich,$bVincenzo$0145311 701 1$aClemente,$bMichele$0263903 701 1$aLodato,$bMaria Gabriella$0263904 801 0$aIT$bUNINA$gRICA$2UNIMARC 901 $aBK 912 $a990007229130403321 952 $aA-V-H-12$bdip.$fDDRC 959 $aDDRC 996 $aResponsabilità professionale del giornalista e dell'editore con le massime da 300 sentenze (1960-1994$9687778 997 $aUNINA LEADER 02275nam 2200661 a 450 001 9910461092803321 005 20200520144314.0 010 $a1-61728-718-0 035 $a(CKB)2670000000090506 035 $a(EBL)3020735 035 $a(SSID)ssj0000569508 035 $a(PQKBManifestationID)12161323 035 $a(PQKBTitleCode)TC0000569508 035 $a(PQKBWorkID)10541136 035 $a(PQKB)10324736 035 $a(MiAaPQ)EBC3020735 035 $a(Au-PeEL)EBL3020735 035 $a(CaPaEBR)ebr10680873 035 $a(OCoLC)722305483 035 $a(EXLCZ)992670000000090506 100 $a20100618d2010 uy 0 101 0 $aeng 135 $aur|n|---||||| 181 $ctxt 182 $cc 183 $acr 200 04$aThe Merida Initiative$b[electronic resource] $eU.S. counterdrug and anticrime assistance for Mexico /$fIsabella A. Vaughne, editor 210 $aNew York $cNova Science Publishers$dc2010 215 $a1 online resource (182 p.) 225 1 $aLatin American political, economic, and security issues 300 $aDescription based upon print version of record. 311 $a1-61728-510-2 320 $aIncludes bibliographical references and index. 410 0$aLatin American political, economic, and security issues. 606 $aDrug control$zUnited States$xFinance 606 $aDrug control$zMexico$xFinance 606 $aDrug traffic$zUnited States$xPrevention$xFinance 606 $aDrug traffic$zMexico$xPrevention$xFinance 606 $aCrime prevention$zUnited States$xFinance 606 $aCrime prevention$zMexico$xFinance 607 $aUnited States$xForeign relations$zMexico 607 $aMexico$xForeign relations$zUnited States 608 $aElectronic books. 615 0$aDrug control$xFinance. 615 0$aDrug control$xFinance. 615 0$aDrug traffic$xPrevention$xFinance. 615 0$aDrug traffic$xPrevention$xFinance. 615 0$aCrime prevention$xFinance. 615 0$aCrime prevention$xFinance. 676 $a363.450973 701 $aVaughne$b Isabella A$0907977 801 0$bMiAaPQ 801 1$bMiAaPQ 801 2$bMiAaPQ 906 $aBOOK 912 $a9910461092803321 996 $aThe Merida Initiative$92030865 997 $aUNINA LEADER 01406nam a2200289 i 4500 001 991002505099707536 005 20020503170117.0 008 950420s1989 it ||| | ita 020 $a8878600210 035 $ab1037422x-39ule_inst 035 $aEXGIL104973$9ExL 040 $aBiblioteca Interfacoltà$bita 100 1 $aBeltratti, Andrea$0115285 245 12$aI diversi Sud dell'economia mondiale :$bclassificazione, indebitamento e prospettive dei paesi in via di sviluppo /$cdi Enrico Colombatto, Andrea Beltratti, Eva Bocchiola ; con un saggio di Rudiger Dornbusch ; introduzione di Umberto Agnelli 260 $aTorino :$bEdizioni della Fondazione Giovanni Agnelli,$c[1989] 300 $axvi, 275 p. ;$c21 cm. 650 4$aDebito estero - Paesi in via di sviluppo 650 4$aPaesi in via di sviluppo - Commercio estero 700 1 $aBocchiola, Eva 700 1 $aColombatto, Enrico$eauthor$4http://id.loc.gov/vocabulary/relators/aut$0120583 907 $a.b1037422x$b02-04-14$c27-06-02 912 $a991002505099707536 945 $aLE002 Dir. VI L 9$g1$i2002000972156$lle002$o-$pE0.00$q-$rl$s- $t0$u1$v0$w1$x0$y.i10437861$z27-06-02 945 $aLE002 Dir. VI L 9 bis$g2$i2002000972163$lle002$o-$pE0.00$q-$rl$s- $t0$u0$v0$w0$x0$y.i1509120x$z17-03-10 996 $aDiversi Sud dell'economia mondiale$91445738 997 $aUNISALENTO 998 $ale002$b01-01-95$cm$da $e-$fita$git $h2$i1